1263 1575 1073 1613 1834 1991 1984 1376 1510 1892 1816 1240 1660 1258 1538 1498 1258 1702 1581 1851 1487 1982 1152 1061 1893 1924 1783 1667 1389 1895 1411 1729 1465 1000 1744 1460 1692 1701 1799 1506 1716 1398 1594 1942 1991 1911 1229 1070 1068 1741 1922 1043 1641 1457 1506 1130 1394 1720 1594 1971 1498 1986 1519 1422 1126 1401 1362 1662 1187 1443 1083 1915 1101 1464 1296 1280 1315 1523 1321 1422 1106 1496 1267 1473 1277 1148 1489 1838 1698 1286 1736 1790 1832 1885 1256 1601 1129 1833 1256 BCNSPRNW ULIB Ver.6.0+V

เปลี่ยนเป็นภาษาไทย

Change to English
 แสดงรายละเอียดบรรณานุกรม
  กลับหน้าหลัก

Brief Record : Get Marc (ISO 2709) : E-mail record : QR code < ปิดหน้าต่าง
LEADER : 00000nam 2200000uu 4500
001    13399122854
003     ULIB
008    131022s2555||||th 000 0 tha d
020    ^a9789742473747
050  4 ^aDS520^bอ111ร
100    ^aอากิ อคิราภ์
245    ^aเราคืออาเซียน-- เมียนมาร์ /^cอากิ อคิราภ์
250    ^aพิมพ์ครั้งที่ 4
260    ^aกรุงเทพฯ :^bอมรินทร์คอมมิกส์,^c2555
300    ^a58 หน้า
440  0 ^aชุด เราคืออาเซียน
650  7 ^aประชาคมอาเซียน
650  7 ^aอาเซียน
650  7 ^aเมียนมาร์
945    ^p75^l0^i034076
999    ^aทศพร
รายการนี้ยังไม่มีแท็ก
คุณยังไม่ได้ล็อกอิน คุณสามารถมีกิจกรรมร่วมกับเว็บไซต์ได้ แต่ต้องล็อกอินก่อน ::
  ล็อกอิน

รายการสื่อสารสนเทศ

ลำดับที่ ประเภท เลขเรียก/บาร์โค้ด สถานที่ สถานะ
1. การศึกษาทั่วไป
หนังสือสำรอง
สถานะ=หนังสือสำรอง
DS520 อ111ร ฉ.1 
  Barcode: 034076
ห้องสมุดวิทยาเขตสวรรค์ประชารักษ์
►หนังสือทั่วไป
บนชั้น

รายการใกล้เคียง
    ผู้แต่ง [อากิ อคิราภ์]

    หัวเรื่อง [ประชาคมอาเซียน]
    หัวเรื่อง [อาเซียน]
    หัวเรื่อง [เมียนมาร์]

BibComment


ยังไม่เคยถูกคอมเมนท์

คอมเมนท์ทรัพยากรรายการนี้
  คอมเมนท์: เราคืออาเซียน เม..


 Copyright 2026. Bcnsprnw @Library